[Event "Titled Tuesday intern op 10th Jan Early"]
[Site "Chess.com INT"]
[Date "2023.01.10"]
[Round "3"]
[White "Barbashin, Igor"]
[Black "Devaev, Alexander"]
[Result "1-0"]
[WhiteElo "2169"]
[BlackElo "2325"]
[PlyCount "47"]
[EventDate "2023.01.10"]
[EventType "swiss (blitz)"]
[EventRounds "11"]
[EventCountry "USA"]
[SourceTitle "EXT 2024"]
[Source "ChessBase"]
[SourceDate "2023.10.10"]
[SourceVersion "1"]
[SourceVersionDate "2023.10.10"]
[SourceQuality "1"]

1. d4 Nf6 2. c4 e6 3. Nc3 Bb4 4. Nf3 c5 5. g3 cxd4 6. Nxd4 Nc6 7. Bg2 Qb6 8. Ndb5 a6 9. Nd6+ Ke7 10. Nxc8+ Rhxc8 11. Bd2 Ne5 12. b3 d5 13. 0-0 dxc4 14. Na4 Qa5 15. Bf4 Nc6 16. bxc4 b5 17. c5 Nd5 18. Bd6+ Ke8 19. Bxd5 bxa4 20. Bg2 Bxc5 21. Rc1 Bxd6 22. Qxd6 Ne7 23. Bxa8 Rxa8 24. Rc7 1-0

[Event "Titled Tuesday intern op 27th Dec Early"]
[Site "Chess.com INT"]
[Date "2022.12.27"]
[Round "11"]
[White "Barbashin, Igor"]
[Black "Kahlert, Thomas"]
[Result "1/2-1/2"]
[WhiteElo "2169"]
[BlackElo "2144"]
[PlyCount "98"]
[EventDate "2022.12.27"]
[EventType "swiss (blitz)"]
[EventRounds "11"]
[EventCountry "USA"]
[SourceTitle "EXT 2024"]
[Source "ChessBase"]
[SourceDate "2023.10.10"]
[SourceVersion "1"]
[SourceVersionDate "2023.10.10"]
[SourceQuality "1"]

1. d4 Nf6 2. c4 c5 3. e3 cxd4 4. exd4 g6 5. Nf3 Bg7 6. Nc3 0-0 7. Be2 d5 8. 0-0 dxc4 9. Bxc4 b6 10. Re1 Bb7 11. Bf4 Nc6 12. Rc1 Na5 13. Be2 Rc8 14. Be5 Nc4 15. Qb3 Nxe5 16. dxe5 Nd5 17. Red1 e6 18. Bc4 Qe7 19. Bxd5 exd5 20. Nxd5 Bxd5 21. Qxd5 Rxc1 22. Rxc1 Rd8 23. Qe4 h6 24. h3 Qe6 25. a3 Qb3 26. Rc7 Qxb2 27. e6 f5 28. Qc4 Re8 29. e7+ Kh7 30. Rxa7 Qa1+ 31. Kh2 Qf6 32. Qc7 g5 33. Qd8 Qf7 34. Qd7 Qf6 35. Rc7 Qf7 36. Qb5 g4 37. hxg4 fxg4 38. Nh4 Qf4+ 39. g3 Qxc7 40. Qf5+ Kg8 41. Qe6+ Kh7 42. Qf5+ Kh8 43. Ng6+ Kg8 44. Qe6+ Kh7 45. Qf7 Qc6 46. Nf8+ Kh8 47. Ng6+ Kh7 48. Nf8+ Kh8 49. Ng6+ Kh7 1/2-1/2

[Event "Titled Tuesday intern op 27th Dec Early"]
[Site "Chess.com INT"]
[Date "2022.12.27"]
[Round "7"]
[White "Barbashin, Igor"]
[Black "Veljanoski, Andrej"]
[Result "1-0"]
[WhiteElo "2169"]
[BlackElo "2312"]
[PlyCount "104"]
[EventDate "2022.12.27"]
[EventType "swiss (blitz)"]
[EventRounds "11"]
[EventCountry "USA"]
[SourceTitle "EXT 2024"]
[Source "ChessBase"]
[SourceDate "2023.10.10"]
[SourceVersion "1"]
[SourceVersionDate "2023.10.10"]
[SourceQuality "1"]

1. d4 d5 2. c4 e6 3. Nc3 Nf6 4. Nf3 c6 5. g3 Nbd7 6. Bg2 Be7 7. 0-0 0-0 8. Qd3 b6 9. e4 dxc4 10. Qxc4 Bb7 11. Rd1 b5 12. Qe2 Qb6 13. Be3 c5 14. Qxb5 Qxb5 15. Nxb5 Bxe4 16. dxc5 Bxc5 17. Bxc5 Nxc5 18. b4 Nd3 19. a3 Nb2 20. Rd2 Nc4 21. Rd4 Rfc8 22. Rc1 Nb6 23. Rxc8+ Rxc8 24. Nxa7 Rc1+ 25. Bf1 Nbd5 26. Nd2 Bg6 27. Kg2 h5 28. Rc4 Rd1 29. Nf3 Be4 30. Be2 Rd2 31. Rxe4 Nxe4 32. Nxd2 Nxd2 33. Bxh5 Nb1 34. Nb5 Kf8 35. Bf3 Ke7 36. Bxd5 exd5 37. a4 Kd7 38. Nd4 Nc3 39. a5 Kd6 40. a6 Kc7 41. b5 Kb6 42. Kf3 Ne4 43. Ke3 Nd6 44. h4 f6 45. g4 Nc4+ 46. Kf4 Ne5 47. Kf5 Nd3 48. f3 Nf2 49. Kg6 Nd3 50. Kxg7 Nc5 51. Kxf6 Nd7+ 52. Ke7 Nf8 1-0

[Event "Titled Tuesday intern op 27th Dec Early"]
[Site "Chess.com INT"]
[Date "2022.12.27"]
[Round "3"]
[White "Tikhonov, Viacheslav"]
[Black "Barbashin, Igor"]
[Result "1-0"]
[WhiteElo "2220"]
[BlackElo "2169"]
[PlyCount "57"]
[EventDate "2022.12.27"]
[EventType "swiss (blitz)"]
[EventRounds "11"]
[EventCountry "USA"]
[SourceTitle "EXT 2024"]
[Source "ChessBase"]
[SourceDate "2023.10.10"]
[SourceVersion "1"]
[SourceVersionDate "2023.10.10"]
[SourceQuality "1"]

1. e4 d5 2. exd5 Nf6 3. Nc3 Nxd5 4. Nxd5 Qxd5 5. Qf3 e6 6. Bd3 Nc6 7. Be4 Qd6 8. c3 Ne5 9. Qe2 c5 10. Nf3 Nc6 11. 0-0 Be7 12. Rd1 0-0 13. d4 cxd4 14. Nxd4 Nxd4 15. Rxd4 Qc5 16. Be3 Qc7 17. Bf4 Qb6 18. Rad1 f5 19. Bb1 Bf6 20. Rd6 Qa5 21. b4 Qa3 22. Be5 Bxe5 23. Qxe5 b6 24. h4 a5 25. Rxb6 axb4 26. cxb4 Ra7 27. Rb8 Re7 28. h5 Qb2 29. Qxb2 1-0

[Event "Titled Tuesday intern op 08th Nov Early"]
[Site "Chess.com INT"]
[Date "2022.11.08"]
[Round "4"]
[White "Barbashin, Igor"]
[Black "Guliev, Logman"]
[Result "0-1"]
[WhiteElo "2169"]
[BlackElo "2261"]
[PlyCount "86"]
[EventDate "2022.11.08"]
[EventType "swiss (blitz)"]
[EventRounds "11"]
[EventCountry "USA"]
[SourceTitle "EXT 2024"]
[Source "ChessBase"]
[SourceDate "2023.10.10"]
[SourceVersion "1"]
[SourceVersionDate "2023.10.10"]
[SourceQuality "1"]

1. d4 Nf6 2. c4 g6 3. Nc3 Bg7 4. e4 d6 5. Nf3 0-0 6. Be2 e5 7. 0-0 Nc6 8. dxe5 Nxe5 9. Nd4 Re8 10. Re1 Bd7 11. Bf1 a6 12. f3 h5 13. Be3 h4 14. h3 Nh5 15. Qd2 Ng3 16. Bg5 Bf6 17. Bxf6 Qxf6 18. Nd5 Qd8 19. f4 Nxf1 20. Kxf1 Nxc4 21. Qc3 Nb6 22. Nxb6 cxb6 23. Nf3 Bc6 24. Qd4 Qe7 25. Rad1 Rad8 26. Kg1 Qe6 27. Ng5 Qxa2 28. Qf6 Rf8 29. Nf3 Qe6 30. Qxh4 f6 31. Qg3 Kg7 32. Nd4 Qc4 33. f5 g5 34. Ne6+ Kf7 35. h4 Rg8 36. hxg5 Bxe4 37. Nxd8+ Rxd8 38. g6+ Kg7 39. Rxd6 Qc5+ 40. Qe3 Qxd6 41. Qxe4 Qc5+ 42. Kh2 Rh8+ 43. Kg3 Qd6+ 0-1

[Event "Titled Tuesday intern op 01st Nov Early"]
[Site "Chess.com INT"]
[Date "2022.11.01"]
[Round "4"]
[White "Barbashin, Igor"]
[Black "Vasques, Antonio Pedro Freix"]
[Result "1/2-1/2"]
[WhiteElo "2169"]
[BlackElo "2213"]
[PlyCount "81"]
[EventDate "2022.11.01"]
[EventType "swiss (blitz)"]
[EventRounds "11"]
[EventCountry "USA"]
[SourceTitle "EXT 2024"]
[Source "ChessBase"]
[SourceDate "2023.10.10"]
[SourceVersion "1"]
[SourceVersionDate "2023.10.10"]
[SourceQuality "1"]

1. d4 Nf6 2. c4 e6 3. Nc3 d5 4. Nf3 Be7 5. g3 0-0 6. Bg2 dxc4 7. 0-0 Nc6 8. e4 a6 9. a4 Bd7 10. d5 Nb4 11. Ne5 exd5 12. exd5 Bd6 13. Nxc4 Bf5 14. Nxd6 Qxd6 15. Bf4 Qd7 16. Rc1 Nd3 17. Bg5 Nxc1 18. Bxf6 gxf6 19. Qxc1 Rad8 20. Qf4 Kg7 21. Ne4 Rfe8 22. Qh4 Bxe4 23. Bxe4 h6 24. Qf4 Re5 25. Rc1 Rde8 26. Bf3 Qh3 27. Qd2 Qf5 28. Kg2 R8e7 29. Rc4 h5 30. Rh4 Qg6 31. Rb4 b6 32. Rf4 a5 33. Qd4 Qg5 34. Rh4 Qg6 35. Rf4 Rd7 36. Qc4 Qg5 37. Rh4 Qg6 38. Be4 Qg5 39. Bf3 Qg6 40. Be4 Qg5 41. Bf3 1/2-1/2

[Event "Titled Tuesday intern op 18th Oct Early"]
[Site "Chess.com INT"]
[Date "2022.10.18"]
[Round "5"]
[White "Flis, Pawel"]
[Black "Barbashin, Igor"]
[Result "1-0"]
[WhiteElo "1936"]
[BlackElo "2169"]
[PlyCount "31"]
[EventDate "2022.10.18"]
[EventType "swiss (blitz)"]
[EventRounds "11"]
[EventCountry "USA"]
[SourceTitle "EXT 2024"]
[Source "ChessBase"]
[SourceDate "2023.10.10"]
[SourceVersion "1"]
[SourceVersionDate "2023.10.10"]
[SourceQuality "1"]

1. Nf3 c5 2. g3 d5 3. Bg2 Nf6 4. 0-0 g6 5. d3 Bg7 6. Nbd2 0-0 7. e4 dxe4 8. dxe4 Nc6 9. c3 Nd7 10. Nc4 b5 11. Ne3 e6 12. a4 b4 13. Qc2 bxc3 14. bxc3 Nb4 15. Qb3 Rb8 16. Ba3 1-0

[Event "Titled Tuesday intern op 18th Oct Early"]
[Site "Chess.com INT"]
[Date "2022.10.18"]
[Round "2"]
[White "Maneluk, Daniil"]
[Black "Barbashin, Igor"]
[Result "1-0"]
[WhiteElo "2309"]
[BlackElo "2169"]
[PlyCount "63"]
[EventDate "2022.10.18"]
[EventType "swiss (blitz)"]
[EventRounds "11"]
[EventCountry "USA"]
[SourceTitle "EXT 2024"]
[Source "ChessBase"]
[SourceDate "2023.10.10"]
[SourceVersion "1"]
[SourceVersionDate "2023.10.10"]
[SourceQuality "1"]

1. e4 d5 2. exd5 Nf6 3. Bb5+ Nbd7 4. Nc3 g6 5. Nf3 Bg7 6. 0-0 0-0 7. d4 Nb6 8. Bg5 Nbxd5 9. Nxd5 Qxd5 10. c4 Qd6 11. h3 a6 12. Ba4 b5 13. cxb5 axb5 14. Bxb5 Rb8 15. a4 c6 16. Bc4 Rxb2 17. a5 Bb7 18. a6 Ba8 19. Bc1 Rbb8 20. Ba3 Qc7 21. Ne5 Rbd8 22. Re1 c5 23. Bxc5 Ne4 24. Nxf7 Rxf7 25. Qb3 Nxc5 26. Bxf7+ Kf8 27. dxc5 Bxa1 28. Rxa1 Qxc5 29. Bg8 Kg7 30. Qf7+ Kh6 31. Qxh7+ Kg5 32. h4+ 1-0

[Event "Titled Tuesday intern op 20th Sep Early"]
[Site "Chess.com INT"]
[Date "2022.09.20"]
[Round "1"]
[White "Perez Gormaz, Matias Ariel"]
[Black "Barbashin, Igor"]
[Result "0-1"]
[WhiteElo "2397"]
[BlackElo "2169"]
[PlyCount "94"]
[EventDate "2022.09.20"]
[EventType "swiss (blitz)"]
[EventRounds "11"]
[EventCountry "USA"]
[SourceTitle "EXT 2023"]
[Source "ChessBase"]
[SourceDate "2022.10.05"]
[SourceVersion "1"]
[SourceVersionDate "2022.10.05"]
[SourceQuality "1"]

1. e4 d5 2. exd5 Nf6 3. d4 Nxd5 4. c4 Nb6 5. Nf3 g6 6. c5 Nd5 7. Bc4 Bg7 8. 0-0 0-0 9. Nc3 Nxc3 10. bxc3 Nc6 11. Bf4 b6 12. Bb5 Bb7 13. d5 Na5 14. c6 Bc8 15. Rc1 a6 16. Be2 b5 17. Re1 Bg4 18. h3 Bxf3 19. Bxf3 Nc4 20. Qe2 Re8 21. a4 e6 22. g3 exd5 23. Qxe8+ Qxe8 24. Rxe8+ Rxe8 25. axb5 axb5 26. Bxd5 Be5 27. Re1 Kf8 28. Bh6+ Kg8 29. Kf1 Nd6 30. Bd2 Bf6 31. Rb1 Rd8 32. Bf3 Ne4 33. Bxe4 Rxd2 34. Rxb5 Bxc3 35. Rb7 Be5 36. f4 Bd6 37. h4 Rd4 38. Bf3 Rd3 39. Ke2 Rc3 40. Bd5 Rxg3 41. h5 gxh5 42. Bf3 h4 43. Rb5 h3 44. Rh5 Bxf4 45. Rh4 Bd6 46. Kf2 h2 47. Rh3 Rxh3 0-1

[Event "Titled Tuesday intern op 20th Sep Early"]
[Site "Chess.com INT"]
[Date "2022.09.20"]
[Round "7"]
[White "Sovetbekova, Nurai"]
[Black "Barbashin, Igor"]
[Result "1-0"]
[WhiteElo "1992"]
[BlackElo "2169"]
[PlyCount "65"]
[EventDate "2022.09.20"]
[EventType "swiss (blitz)"]
[EventRounds "11"]
[EventCountry "USA"]
[SourceTitle "EXT 2023"]
[Source "ChessBase"]
[SourceDate "2022.10.05"]
[SourceVersion "1"]
[SourceVersionDate "2022.10.05"]
[SourceQuality "1"]

1. d4 Nf6 2. c4 c5 3. d5 e6 4. Nc3 exd5 5. cxd5 d6 6. e4 g6 7. Bd3 Bg7 8. h3 0-0 9. Nf3 Re8 10. 0-0 Nbd7 11. Bf4 Nb6 12. Re1 a6 13. a4 Qc7 14. e5 Nfxd5 15. Nxd5 Nxd5 16. exd6 Rxe1+ 17. Qxe1 Qd8 18. Be5 Nb4 19. Bxg7 Kxg7 20. Qe5+ Qf6 21. Bc4 Qxe5 22. Nxe5 Bf5 23. Nxf7 Nc6 24. Rd1 Bd7 25. Ng5 Re8 26. Nf3 Kf6 27. Bd5 b6 28. g4 Ne5 29. Kg2 Nxf3 30. Kxf3 Ke5 31. Bb3 g5 32. Rd5+ Kf6 33. Rd2 1-0

[Event "Titled Tuesday intern op 06th Sep Early"]
[Site "Chess.com INT"]
[Date "2022.09.06"]
[Round "7"]
[White "Barbashin, Igor"]
[Black "Goncalves, Davi Sulzbacher"]
[Result "0-1"]
[WhiteElo "2169"]
[BlackElo "2282"]
[PlyCount "96"]
[EventDate "2022.09.06"]
[EventType "swiss (blitz)"]
[EventRounds "11"]
[EventCountry "USA"]
[SourceTitle "EXT 2023"]
[Source "ChessBase"]
[SourceDate "2022.10.05"]
[SourceVersion "1"]
[SourceVersionDate "2022.10.05"]
[SourceQuality "1"]

1. d4 g6 2. c4 Bg7 3. Nc3 b6 4. Nf3 Bb7 5. g3 d6 6. Bg2 Nd7 7. 0-0 e6 8. Qd3 Ne7 9. e4 0-0 10. Be3 a6 11. Rfd1 h6 12. Rac1 Rb8 13. h3 Kh7 14. Kh2 Qe8 15. Ng1 e5 16. f4 f5 17. dxe5 fxe4 18. Nxe4 Nf5 19. Bf2 dxe5 20. Qxd7 exf4 21. Qxe8 Rbxe8 22. Nc3 fxg3+ 23. Bxg3 Bxg2 24. Kxg2 Ne3+ 25. Kh2 Nxd1 26. Rxd1 Rd8 27. Re1 Rd2+ 28. Kh1 Rxb2 29. Nd5 c6 30. Nc7 Rxa2 31. Ne6 Re8 32. Ng5+ hxg5 33. Rxe8 Bd4 34. Re7+ Kg8 35. Nf3 Bc5 36. Nxg5 Bxe7 37. Ne6 b5 38. c5 b4 39. Nd4 b3 40. Nxb3 a5 41. Nd4 a4 42. Nxc6 Bxc5 43. Ne7+ Bxe7 44. Be5 a3 45. Kg1 Kf7 46. Kf1 Ke6 47. Bg7 Bb4 48. Kg1 Kf5 0-1

[Event "Titled Tuesday intern op 30th Aug Early"]
[Site "Chess.com INT"]
[Date "2022.08.30"]
[Round "3"]
[White "Barbashin, Igor"]
[Black "Elissalt Cardenas, Hector"]
[Result "1-0"]
[WhiteElo "2169"]
[BlackElo "2298"]
[PlyCount "71"]
[EventDate "2022.08.30"]
[EventType "swiss (blitz)"]
[EventRounds "11"]
[EventCountry "USA"]
[SourceTitle "EXT 2023"]
[Source "ChessBase"]
[SourceDate "2022.10.05"]
[SourceVersion "1"]
[SourceVersionDate "2022.10.05"]
[SourceQuality "1"]

1. d4 Nf6 2. c4 e6 3. Nc3 Bb4 4. Nf3 b6 5. g3 Bb7 6. Bg2 0-0 7. 0-0 Bxc3 8. bxc3 Be4 9. Bh3 Bf5 10. Bg2 Be4 11. h3 h6 12. Re1 Nc6 13. Bf1 Bxf3 14. exf3 Na5 15. f4 Re8 16. Ba3 d5 17. cxd5 exd5 18. Qc2 Qd7 19. Re5 Nc4 20. Bxc4 dxc4 21. Kg2 Nd5 22. Rae1 f6 23. R5e2 Rxe2 24. Qxe2 Qc6 25. Qf3 Rd8 26. Bc1 Qd7 27. f5 c6 28. g4 b5 29. Bf4 Re8 30. Rxe8+ Qxe8 31. Bg3 Kf7 32. h4 Qe1 33. g5 hxg5 34. hxg5 Qxc3 35. Qh5+ Ke7 36. Qh7 1-0

[Event "Titled Tuesday intern op 19th Jul Early"]
[Site "Chess.com INT"]
[Date "2022.07.19"]
[Round "4"]
[White "Ljukin, Sergei"]
[Black "Barbashin, Igor"]
[Result "0-1"]
[WhiteElo "2362"]
[BlackElo "2169"]
[PlyCount "82"]
[EventDate "2022.07.19"]
[EventType "swiss (blitz)"]
[EventRounds "11"]
[EventCountry "USA"]
[SourceTitle "EXT 2023"]
[Source "ChessBase"]
[SourceDate "2022.10.05"]
[SourceVersion "1"]
[SourceVersionDate "2022.10.05"]
[SourceQuality "1"]

1. e4 d5 2. exd5 Nf6 3. d4 Nxd5 4. c4 Nb6 5. Nf3 g6 6. Nc3 Bg7 7. c5 Nd5 8. Bc4 Nxc3 9. bxc3 0-0 10. 0-0 Nc6 11. Re1 b6 12. Ba3 Bb7 13. Qc1 Re8 14. Ng5 e6 15. Qf4 Qd7 16. Rad1 Rad8 17. h4 h6 18. Nf3 Na5 19. Be2 Ba8 20. Ne5 Qe7 21. cxb6 Bxe5 22. Bxe7 Bxf4 23. Bxd8 Rxd8 24. bxa7 Nc6 25. Bf3 Nxa7 26. Bxa8 Rxa8 27. g3 Bd6 28. c4 Nc6 29. c5 Bf8 30. Re2 Nb4 31. Rb1 Ra4 32. Rd2 Bg7 33. Kg2 Nd5 34. Rbd1 Nc3 35. Rc1 Rxa2 36. Rxa2 Nxa2 37. Rc2 Nb4 38. Rc4 Nc6 39. Kf3 Nxd4+ 40. Ke4 f5+ 41. Kd3 e5 0-1

[Event "Titled Tuesday intern op 19th Jul Early"]
[Site "Chess.com INT"]
[Date "2022.07.19"]
[Round "7"]
[White "Vagman, Roy"]
[Black "Barbashin, Igor"]
[Result "1-0"]
[WhiteElo "2180"]
[BlackElo "2169"]
[PlyCount "25"]
[EventDate "2022.07.19"]
[EventType "swiss (blitz)"]
[EventRounds "11"]
[EventCountry "USA"]
[SourceTitle "EXT 2023"]
[Source "ChessBase"]
[SourceDate "2022.10.05"]
[SourceVersion "1"]
[SourceVersionDate "2022.10.05"]
[SourceQuality "1"]

1. e4 d5 2. exd5 Nf6 3. d4 Nxd5 4. c4 Nb6 5. Nc3 e5 6. d5 c6 7. Nf3 Bb4 8. Bd3 cxd5 9. cxd5 Qxd5 10. 0-0 Bxc3 11. bxc3 0-0 12. c4 Qd6 13. Bxh7+ 1-0

[Event "Titled Tuesday intern op 05th Jul Early"]
[Site "Chess.com INT"]
[Date "2022.07.05"]
[Round "2"]
[White "Barbashin, Igor"]
[Black "Migot, Tangi"]
[Result "0-1"]
[WhiteElo "2169"]
[BlackElo "2353"]
[PlyCount "60"]
[EventDate "2022.07.05"]
[EventType "swiss (blitz)"]
[EventRounds "11"]
[EventCountry "USA"]
[SourceTitle "CBM 209 Extra"]
[Source "ChessBase"]
[SourceDate "2022.09.30"]
[SourceVersion "1"]
[SourceVersionDate "2022.09.30"]
[SourceQuality "1"]

1. d4 d6 2. c4 e5 3. dxe5 dxe5 4. Qxd8+ Kxd8 5. Nf3 Nd7 6. Nc3 c6 7. Bd2 f6 8. g4 h6 9. h4 Nc5 10. Rg1 g5 11. b4 Ne6 12. b5 Bd7 13. 0-0-0 Rc8 14. Kb2 Bb4 15. e3 Ne7 16. Ne4 Bxd2 17. Rxd2 Rf8 18. hxg5 hxg5 19. Be2 Kc7 20. Rgd1 Rcd8 21. Nd6 Nc5 22. Ne1 Nc8 23. Nc2 Nxd6 24. Rxd6 Be6 25. Rxd8 Rxd8 26. Rxd8 Kxd8 27. f3 Kc7 28. Kc3 cxb5 29. Kb4 b6 30. Kxb5 a5 0-1

[Event "Titled Tuesday intern op 05th Jul Early"]
[Site "Chess.com INT"]
[Date "2022.07.05"]
[Round "3"]
[White "Lawson, Eric"]
[Black "Barbashin, Igor"]
[Result "0-1"]
[WhiteElo "2371"]
[BlackElo "2169"]
[PlyCount "50"]
[EventDate "2022.07.05"]
[EventType "swiss (blitz)"]
[EventRounds "11"]
[EventCountry "USA"]
[SourceTitle "CBM 209 Extra"]
[Source "ChessBase"]
[SourceDate "2022.09.30"]
[SourceVersion "1"]
[SourceVersionDate "2022.09.30"]
[SourceQuality "1"]

1. e4 d5 2. exd5 Nf6 3. Nf3 Nxd5 4. d4 g6 5. Be2 Bg7 6. 0-0 0-0 7. Re1 Nc6 8. c3 b6 9. Bg5 Bb7 10. Na3 h6 11. Bh4 Nf4 12. Bf1 g5 13. Nxg5 hxg5 14. Bxg5 Ng6 15. d5 Nce5 16. f4 f6 17. fxe5 fxg5 18. Qh5 Nxe5 19. Nc4 Qxd5 20. Ne3 Qf7 21. Qxg5 Qf2+ 22. Kh1 Rad8 23. h4 Rf4 24. Bc4+ Nxc4 25. Rf1 Rxh4+ 0-1

[Event "Titled Tuesday intern op 21st Jun Early"]
[Site "Chess.com INT"]
[Date "2022.06.21"]
[Round "5"]
[White "Horak, Martin"]
[Black "Barbashin, Igor"]
[Result "1-0"]
[WhiteElo "2260"]
[BlackElo "2169"]
[PlyCount "77"]
[EventDate "2022.06.21"]
[EventType "swiss (blitz)"]
[EventRounds "11"]
[EventCountry "USA"]
[SourceTitle "EXT 2023"]
[Source "ChessBase"]
[SourceDate "2022.10.05"]
[SourceVersion "1"]
[SourceVersionDate "2022.10.05"]
[SourceQuality "1"]

1. e4 d5 2. exd5 Nf6 3. Nf3 Nxd5 4. d4 g6 5. c4 Nb6 6. h3 Bg7 7. Nc3 0-0 8. Be3 Nc6 9. Qd2 e5 10. 0-0-0 exd4 11. Nxd4 Nxd4 12. Bxd4 Qxd4 13. Qxd4 Bxd4 14. Rxd4 c5 15. Rd2 Be6 16. b3 Rfd8 17. Be2 Rxd2 18. Kxd2 Rd8+ 19. Ke3 Nc8 20. Bf3 b6 21. g4 Ne7 22. Re1 Kg7 23. Nb5 h5 24. Kf4 hxg4 25. hxg4 Rd7 26. Rd1 Rxd1 27. Bxd1 Nc6 28. Bf3 Nb4 29. a3 Nd3+ 30. Ke3 Ne5 31. g5 a5 32. Nc7 Bd7 33. a4 f6 34. gxf6+ Kxf6 35. Nd5+ Ke6 36. Nxb6 Nxf3 37. Nxd7 Nd4 38. Nxc5+ Ke5 39. Nd3+ 1-0

[Event "Titled Tuesday intern op 14th Jun Early"]
[Site "Chess.com INT"]
[Date "2022.06.14"]
[Round "6"]
[White "Barbashin, Igor"]
[Black "Vemparala, Nikash"]
[Result "1-0"]
[WhiteElo "2169"]
[BlackElo "2003"]
[PlyCount "63"]
[EventDate "2022.06.14"]
[EventType "swiss (blitz)"]
[EventRounds "11"]
[EventCountry "USA"]
[SourceTitle "EXT 2023"]
[Source "ChessBase"]
[SourceDate "2022.10.05"]
[SourceVersion "1"]
[SourceVersionDate "2022.10.05"]
[SourceQuality "1"]

1. d4 Nf6 2. c4 g6 3. Nc3 Bg7 4. e4 d6 5. Nf3 0-0 6. Be2 Nbd7 7. 0-0 e5 8. h3 Ne8 9. Be3 f5 10. exf5 gxf5 11. Bg5 Nef6 12. dxe5 dxe5 13. c5 e4 14. Bc4+ Kh8 15. Nd4 Nxc5 16. b4 Nd3 17. Nce2 b6 18. Qb3 c5 19. bxc5 bxc5 20. Ne6 Bxe6 21. Bxe6 h6 22. Bh4 f4 23. Rad1 Rb8 24. Qa4 Qd6 25. Bc4 Qe5 26. Qxa7 Nb2 27. Rc1 Nxc4 28. Rxc4 Qh5 29. Nxf4 Qe8 30. Qxc5 Nd7 31. Qd6 Ne5 32. Rc7 1-0

[Event "Titled Tuesday intern op 14th Jun Early"]
[Site "Chess.com INT"]
[Date "2022.06.14"]
[Round "7"]
[White "Ezat, Mohamed Mahmoud"]
[Black "Barbashin, Igor"]
[Result "1-0"]
[WhiteElo "2389"]
[BlackElo "2169"]
[PlyCount "73"]
[EventDate "2022.06.14"]
[EventType "swiss (blitz)"]
[EventRounds "11"]
[EventCountry "USA"]
[SourceTitle "EXT 2023"]
[Source "ChessBase"]
[SourceDate "2022.10.05"]
[SourceVersion "1"]
[SourceVersionDate "2022.10.05"]
[SourceQuality "1"]

1. e4 d5 2. exd5 Nf6 3. Nc3 Nxd5 4. Bc4 Nb6 5. Bb3 c5 6. d3 e6 7. Nf3 Be7 8. 0-0 0-0 9. Re1 Nc6 10. Bf4 Na5 11. Ne5 Nxb3 12. axb3 Nd5 13. Nxd5 Qxd5 14. Qg4 g6 15. Bh6 Re8 16. Qf4 f6 17. Ng4 Qf5 18. Qg3 e5 19. h3 Bd7 20. f4 exf4 21. Bxf4 Kh8 22. Re2 Bf8 23. Rf2 Bg7 24. Bh6 Qe6 25. Bxg7+ Kxg7 26. Nxf6 Qe7 27. Nxe8+ Rxe8 28. Raf1 Bc6 29. Kh2 Rd8 30. Rf7+ Qxf7 31. Qe5+ Kg8 32. Rxf7 Kxf7 33. Qxc5 a6 34. d4 Rd5 35. Qb6 h5 36. c4 Rd7 37. d5 1-0

[Event "Titled Tuesday intern op 14th Jun Early"]
[Site "Chess.com INT"]
[Date "2022.06.14"]
[Round "3"]
[White "Remolar Gallen, Jose"]
[Black "Barbashin, Igor"]
[Result "1-0"]
[WhiteElo "2305"]
[BlackElo "2169"]
[PlyCount "77"]
[EventDate "2022.06.14"]
[EventType "swiss (blitz)"]
[EventRounds "11"]
[EventCountry "USA"]
[SourceTitle "EXT 2023"]
[Source "ChessBase"]
[SourceDate "2022.10.05"]
[SourceVersion "1"]
[SourceVersionDate "2022.10.05"]
[SourceQuality "1"]

1. d4 Nf6 2. c4 c5 3. d5 e6 4. Nc3 exd5 5. cxd5 d6 6. e4 g6 7. Bb5+ Nfd7 8. a4 Bg7 9. f4 0-0 10. Nf3 Na6 11. 0-0 Nb4 12. Re1 a6 13. Bf1 Nf6 14. Be3 Re8 15. Bf2 Bg4 16. Rc1 Qd7 17. h3 Bxf3 18. Qxf3 Rac8 19. Bc4 Rb8 20. a5 Qc7 21. Bh4 Qxa5 22. e5 Nd7 23. e6 Nf6 24. f5 b5 25. exf7+ Kxf7 26. fxg6+ hxg6 27. Bxf6 Bxf6 28. Re6 Rxe6 29. dxe6+ Ke7 30. Rf1 Bd4+ 31. Kh1 d5 32. Qf7+ Kd6 33. Qd7+ Ke5 34. Re1+ Kf4 35. Qd6+ Kg5 36. Qxb8 bxc4 37. e7 Nd3 38. Qg3+ Kh6 39. e8Q 1-0